00724nam a2200181 a 450000100100000000500170001000800410002704000250006808200150009310000290010824500790013726000430021630000260025959000270028571001000031295201130041299900170052500004813920201002060938.0181121s2000 dr a 000 0 spa d aDO-SdBNPbspacBNPHU axxxbM778e1 aMontero, Gregorio96427510aÉtica, administración pública y modernización /cGregorio Montero. aSanto Domingo :bCORENAP,48150,c2000. a39p. :bil., ;c21cm. aInventariado, 2018/MFF1 aRepública Dominicana.bComisión Revisora de las Normas de Administración Pública975614 0010718PDaPDbPDcHDd2018-11-21iLF1l0oxxx M778ep48139-10r2020-06-25w2020-06-25yLFPDZNo se presta c47627d47627